5HLuxD.jpg

KING HENRY VIII SENIOR AND PRIMARY SCHOOL LIBRARY OPAC

The Strange Case of Dr. Jekyll & Mr. Hyde / (Record no. 5708)

000 -LEADER
fixed length control field 01120nam a22002657a 4500
003 - CONTROL NUMBER IDENTIFIER
control field OSt
005 - DATE AND TIME OF LATEST TRANSACTION
control field 20251016081521.0
008 - FIXED-LENGTH DATA ELEMENTS--GENERAL INFORMATION
fixed length control field 251016b ||||| |||| 00| 0 eng d
020 ## - INTERNATIONAL STANDARD BOOK NUMBER
International Standard Book Number 9781474927802
Qualifying information book set
040 ## - CATALOGING SOURCE
Transcribing agency KH8
082 ## - DEWEY DECIMAL CLASSIFICATION NUMBER
Classification number FIC STE
100 ## - MAIN ENTRY--PERSONAL NAME
Personal name Stevenson, Robert Louis,
Relator term author.
245 ## - TITLE STATEMENT
Title The Strange Case of Dr. Jekyll & Mr. Hyde /
Statement of responsibility, etc. Robert Louis Stevenson ; adapted by Rob Lloyd Jones and illustrated by Victor Tavares.
260 ## - PUBLICATION, DISTRIBUTION, ETC.
Place of publication, distribution, etc. England ;
Name of publisher, distributor, etc. Usborne Publishing Ltd ,
Date of publication, distribution, etc. 2010.
300 ## - PHYSICAL DESCRIPTION
Extent 64 pages :
Other physical details colour illustrations ;
Dimensions 20 cm.
490 ## - SERIES STATEMENT
Series statement Usborne Young Reading
Volume/sequential designation series three
520 ## - SUMMARY, ETC.
Summary, etc. Something evil is loose in London. The menacing figure of Edward Hyde stalks the streets, barging into women, trampling children, and even murdering an old man. But who is Hyde? And what is his relationship with the respectable Doctor Henry Jekyll?
650 ## - SUBJECT ADDED ENTRY--TOPICAL TERM
Topical term or geographic name entry element Easy reading
Form subdivision fiction
650 ## - SUBJECT ADDED ENTRY--TOPICAL TERM
Topical term or geographic name entry element Story book
Form subdivision fiction
650 ## - SUBJECT ADDED ENTRY--TOPICAL TERM
Topical term or geographic name entry element Mystery
700 ## - ADDED ENTRY--PERSONAL NAME
Personal name Jones, Rob Llyod,
Relator term adaptor.
700 ## - ADDED ENTRY--PERSONAL NAME
Personal name Tavares, Victor,
Relator term illustrator.
830 ## - SERIES ADDED ENTRY--UNIFORM TITLE
Uniform title Usborne Young Reading
942 ## - ADDED ENTRY ELEMENTS (KOHA)
Source of classification or shelving scheme
Koha item type Books - Fiction
Holdings
Withdrawn status Lost status Source of classification or shelving scheme Damaged status Not for loan Collection code Permanent Location Current Location Shelving location Date acquired Full call number Barcode Date last seen Price effective from Koha item type
          Fiction KH8 Senior School Library KH8 Senior School Library Staff Office 2025-10-16 FIC STE BRKHSL000122 2025-10-16 2025-10-16 Books - Fiction

Powered By KH8 IT Dept